Miss Hogg and the Bronte murders /

Saved in:
Bibliographic Details
Main Author: Lee, Austin, 1904-1965
Format: Book
Language:English
Published: London : White Lion Publishers, 1975.
Subjects:
LEADER 00964nam a2200265 a 4500
001 c000107359
003 CARM
005 19950512000000.0
008 750509r19751956enk 000 1 eng d
015 |a B7511292 
019 1 |a 3567838  |5 LACONCORD2021 
020 |a 085617579X :  |c L.2.25 
035 |a (OCoLC)6451797  |5 LACONCORD2021 
040 |a BNB  |b eng  |c BNB  |d SSLP 
082 0 4 |a 823/.9/1  |2 18 
100 1 |a Lee, Austin,  |d 1904-1965. 
245 1 0 |a Miss Hogg and the Bronte murders /  |c Austin Lee. 
260 |a London :  |b White Lion Publishers,  |c 1975. 
300 |a 192 p. ;  |c 21cm. 
500 |a Fiction in English, 1900-. Texts (BNB/PRECIS) 
500 |a Originally published: London : Cape, 1956. 
650 0 |a English fiction. 
852 8 |b CARM  |h A2:AJ03G0  |i A02230  |p 0154862  |f BK 
999 f f |i 7fc5c6e7-8722-59c1-a732-d5bd54d9f9a2  |s d9ca68ea-afcf-5f57-9ba8-6ac1d4bda549 
952 f f |p Can circulate  |a CAVAL  |b CAVAL  |c CAVAL  |d CARM 1 Store  |e A02230  |f A2:AJ03G0  |h Other scheme  |i book  |m 0154862